00567 2200193 4500001002100000005001700021008004100038020001800079035002500097082000800122090001400130100002400144245008200168260004200250300002200292650003300314850001200347990001400359INLIS00000000000711720150626090918.0 ind  a979-655-101-2 a0010-061500000001238 a813 a813 Cla I aCLARK, Mary Higgins aIzinkan kumemanggilmu kekasihc/ Mary Higgins Clark; alih bahasa Widya Kirana aJakartabGramedia Pustaka Utamac1996 a464 hlm. ;c18 cm aFiksi Indonesia - Terjemahan aYOPDYOG a7316-PK/B